| 000 | 00561nam a2200229 a 4500 | ||
|---|---|---|---|
| 001 | nice12345678 | ||
| 003 | IN_TiNIC | ||
| 005 | 20260116012715.0 | ||
| 008 | 050524s1984 cana grp 000 0 eng | ||
| 020 |
_a0888736 _c100 |
||
| 082 | 0 | 0 |
_a269.2 _bDAL |
| 100 | _aDaley, Peter | ||
| 245 | _aWhere Did You Come From? | ||
| 260 |
_aCanada _bEvery Day Publications _c1984 |
||
| 300 | _a63p | ||
| 500 | _aincludes index and biblioraphy | ||
| 505 | 2 | _aBibliography | |
| 650 | _aEvangelistic Work | ||
| 902 | _bSRS | ||
| 942 | _cBK | ||
| 999 |
_c8038 _d8038 |
||